000 00757cam a22002531 4500
001 42626
003 BD-RjUL
005 20211209053552.0
008 160614s1968 enk d 000 0 eng
035 _a(BD-RjUL)42744
040 _aDLC
_cDLC
_dDLC
_beng
041 _aeng
082 0 0 _a330.03
_bTAD 1968
100 1 _aTaylor, Philip A. S.
_9131040
245 1 2 _aA dictionary of economic terms /
_cby P. A. S. Taylor.
250 _a4th ed. (revised and rewritten).
260 _aLondon :
_bRoutledge & K. Paul,
_c1968.
300 _av, 121 p. :
_c18 cm.
350 _a10/6
500 _a"An abbreviated version of ... A new dictionary of economics."
650 0 _aEconomics
_xDictionaries.
_9131041
942 _2ddc
_cBK
999 _c42626
_d42626